<?xml version="1.0" encoding="UTF-8"?>
<collection xmlns:xsi="http://www.w3.org/2001/XMLSchema-instance" xsi:schemaLocation="http://www.loc.gov/MARC21/slim http://www.loc.gov/standards/marcxml/schema/MARC21slim.xsd" xmlns="http://www.loc.gov/MARC21/slim">
 <record>
  <leader>00000cab a22000004cb4500</leader>
  <controlfield tag="001">IPP-00000228221</controlfield>
  <controlfield tag="003">IPP</controlfield>
  <controlfield tag="005">20170627112401.0</controlfield>
  <controlfield tag="008">170627s1993    xx     d | ||r |||||eng||</controlfield>
  <datafield tag="041" ind1="#" ind2="#">
   <subfield code="a">eng</subfield>
  </datafield>
  <datafield tag="100" ind1="1" ind2="#">
   <subfield code="a">Endriga, Benjamin A.</subfield>
  </datafield>
  <datafield tag="245" ind1="1" ind2="0">
   <subfield code="a">Fixing the money stock vs. fixing the interest rate</subfield>
   <subfield code="b">a VAR model</subfield>
  </datafield>
  <datafield tag="264" ind1="#" ind2="1">
   <subfield code="c">1993</subfield>
  </datafield>
  <datafield tag="520" ind1="#" ind2="#">
   <subfield code="a">The &quot;instrument problem&quot; in monetary policy has centered on the question of whether controlling the money stock or fixing the interest rate is more preferable in terms of higher and more stable output. The former policy implies a stable price level but less investments due to fluctuating interest rate; the latter implies a more stable investment climate but a volatile price level. This paper examines the conditions under which either of the two policies would be more suitable for the case of the Philippines. This study uses monthly data on money supply, output, prices, interest rates, and exchange rates for the period 1891-1991. A vector autoaggressive model based on a work by Christopher Sims (1980) is used to estimate the parameters. The regression results show that a money-target regime seems to be more appropriate for the Philippine case as a result of the price effects of money-stock changes and the non-significance of the interest rate coefficients in the output equations.</subfield>
  </datafield>
  <datafield tag="650" ind1="1" ind2="0">
   <subfield code="a">Monetary policy</subfield>
  </datafield>
  <datafield tag="650" ind1="2" ind2="0">
   <subfield code="a">Interest rates</subfield>
  </datafield>
  <datafield tag="650" ind1="2" ind2="0">
   <subfield code="a">Money supply</subfield>
  </datafield>
  <datafield tag="773" ind1="0" ind2="#">
   <subfield code="t">Philippine Review of Economics and Business (formerly The Philippine Review of Business and Economics)</subfield>
   <subfield code="g">Vol. XXX, no. 1 (Jun. 1993), 102-121</subfield>
  </datafield>
  <datafield tag="942" ind1="#" ind2="#">
   <subfield code="a">Article</subfield>
  </datafield>
  <datafield tag="950" ind1="#" ind2="#">
   <subfield code="a">FI</subfield>
  </datafield>
 </record>
</collection>
